| 000 | 00869cab a22001935a 4500 | ||
|---|---|---|---|
| 001 | L145415 | ||
| 008 | 081006e20080924xxkd f s 000 0 eng d | ||
| 035 | _a(Sirsi) u145415 | ||
| 041 | 0 | _aeng | |
| 100 | 1 | _aStagg, James | |
| 245 | 0 | 0 |
_aCJ50 _bCarillion top of class |
| 260 | _c2008 | ||
| 490 | 0 |
_aContract Journal _v445(6693) 24 September 2008, 16-17(2) |
|
| 520 | _aMonthly league table of new work winners, divided geographically and by sector. Carillion is at the top position for August 2008 due to its contracts in the educational sector. Laing O'Rourke remains at the top of the twelve-month total. Presnts evolution by diagrams by sector for the last twelve months and for August 2008. Shows diagram of total orders for the past 12 months. | ||
| 590 | _aKA | ||
| 651 | 4 |
_aUnited Kingdom _y |
|
| 690 | _aBUILT ENVIRONMENT-CONSTRUCTION MARKET | ||
| 942 | _n0 | ||
| 999 |
_c80801 _d80801 |
||